00547nam a2200205Ia 4500003000400000005001700004008004100021020001700062040000700079041001200086082001800098100001800116245007200134260003900206300003100245365000800276650001500284650002300299700001900322OSt20250722193217.0210423s2006 xx 000 0 und d a101412924065 cAL aEnglish a070.92 bTUMJ aHoward Tumber aJournalists under fireb: information war and jouralistic practices aNew DelhibSage Publicationsc2006 aiv,187p.bHBc23.5x15.5cm. cINR aJournalism aJournalism & Media aWebster, Frank